[Event "EYCC 2017"]
[Site "Mamaia"]
[Date "2017.09.13"]
[Round "8"]
[White "Szpar, Milosz"]
[Black "Hakobyan, Aram"]
[Result "0-1"]
[WhiteElo "2308"]
[BlackElo "2472"]
[Annotator "TA"]
[PlyCount "90"]
[EventDate "2017.??.??"]
[EventType "swiss"]
[EventCountry "ROU"]
[SourceTitle "playchess.com"]
[Source "ChessBase"]
[SourceQuality "1"]

{[%evp 10,90,2,4,19,12,10,12,13,11,12,12,26,16,25,25,24,17,57,36,37,14,25,21,47,49,65,0,0,0,0,-31,-25,-30,-29,-54,-14,-82,-78,-87,-46,-64,-16,-17,-20,-37,-13,-25,0,0,12,-19,-22,-38,-28,-29,-10,-16,0,-33,-55,-60,-56,-47,-47,-61,-50,-127,-129,-150,-44,-117,-121,-174,-167,-181,-100,-116,-79,-154,-125,-345,-363]} 1. d4 Nf6 2. Bf4 b6 (2... c5 3. dxc5 Nc6 4. Nc3 e5 5. Bg5 Bxc5 6. e3 Bb4 7. Nge2 d5 8. a3 Bxc3+ 9. Nxc3 Be6 10. Bb5 d4 11. Bxf6 Qxf6 {½-½ (42) Aronian,L (2799)-Kasparov,G (2812) Saint Louis 2017}) 3. e3 Bb7 4. Nd2 h6 5. h3 e6 6. Ngf3 {LiveBook: 4 Games. A45: Trompowsky Attack} Be7 7. Bd3 O-O $146 ({Predecessor:} 7... d6 8. Qe2 Nbd7 9. c3 O-O 10. O-O Re8 11. Bh2 Bf8 12. e4 e5 13. dxe5 dxe5 14. Ba6 Bxa6 15. Qxa6 {1-0 (52) Pakleza,Z (2480)-Mazurkiewicz,M (2215) Zgierz 2017}) 8. c3 {The position is equal.} c5 9. Qe2 d5 10. O-O Qc8 11. Rac1 Nc6 12. Rfe1 Rd8 13. dxc5 Bxc5 14. b4 Be7 15. Red1 Qd7 16. e4 Qe8 17. e5 Nd7 18. b5 (18. Nb3 $14) 18... Na5 $11 19. Nd4 Ba3 20. Rb1 Rac8 {[%cal Ba8c8,Bc8c3,Bc3a3][%mdl 32]} 21. Qg4 Kh8 22. N2f3 Rxc3 23. Qh4 (23. Qh5 $1 $11 {remains equal.} Bf8 24. Ng5) 23... Be7 24. Qh5 Nc5 25. Bc2 f5 (25... Qf8 {is interesting.} 26. Ng5 Bxg5 27. Bxg5 Rc8 28. Bd2 Ra3) 26. Qxe8+ Rxe8 27. Bd2 Ra3 $1 28. Ra1 Bc8 29. Bb4 Ncb3 30. Bxe7 Nxd4 31. Nxd4 Rxe7 32. Rac1 Bb7 (32... Nc4 {looks sharper.} 33. Bb3 Rc7 34. Rc2 Bd7 35. Rd3 Ra5) 33. Bb3 $1 Nc4 34. Nc2 {[#] Black must now prevent Bxc4.} (34. Rd3 $5 {[%cal Rb3c4]} Ra5 35. f4 $11) 34... Ra5 35. a4 Nxe5 36. Nd4 a6 37. f4 {And now bxa6 would win.} Ng6 {aiming for ...axb5.} (37... Nc4 $5) 38. g3 (38. bxa6 $15 Rxa6 39. g3) 38... axb5 $17 39. Nxb5 e5 ({Black should try} 39... Nf8 $17 40. Re1 g5) 40. fxe5 (40. Nd6 $15) 40... Nxe5 41. Nd4 (41. Rc3 $17) 41... g6 $19 42. Rb1 Nd7 ({Better is} 42... Rc5 $19 43. Re1 Rc3) 43. Bc2 Rc5 44. Re1 (44. g4 $142) 44... Ne5 {[#] Threatens to win with ...Rc4.} 45. Rxb6 $2 (45. Rb3 $17 {might work better.} Rc4 46. Rbe3 Rxd4 47. Rxe5) 45... Rc4 {Precision: White = 39%, Black = 51%.} 0-1

[Event "EYCC 2017"]
[Site "Mamaia"]
[Date "2017.09.13"]
[Round "8"]
[White "Murzin, Volodar"]
[Black "Babazada, Khazar"]
[Result "1-0"]
[WhiteElo "2280"]
[BlackElo "2122"]
[Annotator "TA"]
[PlyCount "78"]
[EventDate "2017.??.??"]
[EventType "swiss"]
[EventCountry "ROU"]
[SourceTitle "playchess.com"]
[Source "ChessBase"]
[SourceQuality "1"]

1. Nf3 {Program Activation Required} g6 2. g3 Bg7 3. Bg2 Nf6 4. O-O O-O 5. c4 d6 6. Nc3 e5 7. d3 h6 8. Rb1 Re8 {A24: Englische Eröffnung} (8... a5 9. h3 Re8 10. e4 c6 11. Re1 Nbd7 12. Be3 Qe7 13. a3 Nc5 14. b4 axb4 15. axb4 Ne6 16. Qd2 Kh7 {½-½ (80) Kovalenko,I (2626)-Cheparinov,I (2681) Yerevan 2014}) 9. Nd2 Nc6 10. b4 Nd7 $146 ({Vorgänger:} 10... Ne7 11. b5 d5 12. cxd5 Nfxd5 13. Nde4 a6 14. a4 axb5 15. axb5 f5 16. Nxd5 Nxd5 17. Nc5 {1-0 (37) Patuzzo,F (2334)-Lipinsky,M (2131) Lugano 2015}) 11. b5 Ne7 12. Nb3 Rb8 13. Bd2 Kh7 14. Qc1 b6 15. Qc2 Bb7 16. e4 Rf8 17. f4 f5 18. Be3 Nf6 19. Kh1 Qd7 20. a4 Rbe8 21. Rbe1 h5 22. fxe5 dxe5 23. c5 Qe6 24. c6 Bc8 25. d4 fxe4 26. dxe5 Ng4 27. Bf4 e3 28. Ne4 Nf2+ 29. Nxf2 exf2 30. Rxf2 Rd8 31. Nd2 Kh8 32. Nf3 Qg8 33. e6 Bxe6 34. Qe2 Rxf4 35. gxf4 Rd6 36. Ng5 Bc3 37. Nxe6 Bxe1 38. Qe5+ Kh7 39. Ng5+ Kh6 1-0

[Event "EYCC 2017"]
[Site "Mamaia"]
[Date "2017.09.13"]
[Round "8"]
[White "Avalyan, Artur"]
[Black "De Boer, Eelke"]
[Result "1/2-1/2"]
[WhiteElo "2277"]
[BlackElo "2233"]
[Annotator "TA"]
[PlyCount "128"]
[EventDate "2017.??.??"]
[EventType "swiss"]
[EventCountry "ROU"]
[SourceTitle "playchess.com"]
[Source "ChessBase"]
[SourceQuality "1"]

1. d4 {Program Activation Required} Nf6 2. c4 g6 3. Nc3 Bg7 4. e4 d6 5. Be2 O-O 6. Bg5 Na6 7. Qd2 e5 8. d5 Qe8 9. Bd1 c6 {E73: Königsindisch (Awerbach-Angriff)} 10. Nge2 cxd5 11. cxd5 Ng4 $146 ({Vorgänger:} 11... Nh5 12. Ng3 Nxg3 13. hxg3 f6 14. Be3 f5 15. exf5 gxf5 16. Bg5 e4 17. Bh6 {1-0 (41) Korobov,A (2675)-Ahmad,A (2253) Baku 2016}) 12. h3 f6 13. Bh4 Nh6 14. Bc2 Bd7 15. f3 f5 16. Bf2 f4 17. Nc1 g5 18. Nd3 Bf6 19. a4 Bd8 20. Nb5 Bxb5 21. axb5 Qxb5 22. Ba4 Qa5 23. b4 Qc7 24. b5 Nb8 25. Bb3 Nd7 26. Ke2 Qb8 27. g3 Bb6 28. h4 g4 29. gxf4 exf4 30. fxg4 Nxg4 31. Rag1 h5 32. Bxb6 axb6 33. Nxf4 Qe8 34. Bc2 Ra2 35. Rxg4+ hxg4 36. Ne6 Qf7 37. Qg5+ Kh7 38. Nxf8+ Nxf8 39. Rc1 Qf3+ 40. Ke1 Qg3+ 41. Kd1 Ng6 42. e5 Qg1+ 43. Kd2 Qd4+ 44. Ke1 Qc3+ 45. Kd1 Qf3+ 46. Ke1 Qh1+ 47. Ke2 Qg2+ 48. Kd1 Qxd5+ 49. Ke1 Qh1+ 50. Kd2 Qg2+ 51. Kd1 Qf1+ 52. Kd2 Qf2+ 53. Kd1 Qd4+ 54. Ke1 Qb4+ 55. Kd1 Qd4+ 56. Ke1 Qc3+ 57. Kd1 Qf3+ 58. Kd2 Qe4 59. Kd1 Qh1+ 60. Kd2 Qh2+ 61. Kd1 Qg1+ 62. Kd2 Qf2+ 63. Kd1 Qg1+ 64. Kd2 Qf2+ 1/2-1/2

[Event "EYCC 2017"]
[Site "Mamaia"]
[Date "2017.09.13"]
[Round "8"]
[White "Globus, Or"]
[Black "Manafov, Vugar"]
[Result "1/2-1/2"]
[WhiteElo "2271"]
[BlackElo "2204"]
[Annotator "TA"]
[PlyCount "106"]
[EventDate "2017.??.??"]
[EventType "swiss"]
[EventCountry "ROU"]
[SourceTitle "playchess.com"]
[Source "ChessBase"]
[SourceQuality "1"]

{[%evp 17,106,26,22,0,21,0,11,7,43,39,65,65,53,58,66,45,68,50,73,67,71,77,146,147,134,103,200,57,70,70,70,70,73,71,88,16,17,27,21,27,31,31,72,10,72,12,10,8,10,0,0,0,0,0,10,10,10,10,10,10,10,10,10,10,10,10,10,10,10,10,10,10,10,10,10,10,10,10,10,10,10,7,7,0,10,10,10,10,8,0,0]} 1. d4 d5 2. c4 e6 3. g3 Nf6 4. Nf3 Bb4+ 5. Bd2 Bxd2+ 6. Nbxd2 O-O 7. Bg2 Nbd7 8. O-O b6 {E11: Bogo-Indian} (8... c6 9. Qc2 b6 10. e4 Nxe4 11. Nxe4 dxe4 12. Qxe4 Bb7 13. Rac1 Qe7 14. c5 Rfe8 15. Qe3 e5 16. Rfe1 Qe6 17. Nxe5 Qxa2 {1-0 (51) Cheparinov,I (2681)-Demchenko,A (2615) Jerusalem 2015}) 9. cxd5 exd5 {LiveBook: 3 Games} 10. Ne5 Bb7 11. Ndf3 Nxe5 12. Nxe5 Nd7 13. Nd3 Qf6 $146 ({Predecessor:} 13... c5 14. Nf4 Nf6 15. Rc1 c4 {½-½ (30) Hladik,J (2255)-Kufa,P (2219) Czechia 1999}) 14. Rc1 c6 15. e3 Qd6 16. Rc3 Rfe8 17. Qg4 a5 18. Rfc1 Rad8 19. Qf4 Nb8 (19... Qxf4 $142 20. Nxf4 Nf6) 20. Qxd6 $16 Rxd6 21. b4 a4 {[#]} (21... axb4 $16 22. Nxb4 g6) 22. Ra3 ({Only move:} 22. b5 $1 $18 {[%mdl 512]}) 22... Ba6 $14 23. Nb2 b5 $1 24. Rac3 Bc8 25. Nd3 f6 26. Nc5 (26. Bf1 $16) 26... Nd7 $11 27. Nxd7 Bxd7 28. Bf1 Kf7 29. Bd3 f5 30. Be2 (30. h4 $16) 30... Rde6 (30... Rh6 $11 {keeps the balance.}) 31. Bh5+ ({Better is} 31. Kg2 $16) 31... g6 {The position is equal.} 32. Bf3 Rf6 33. Kf1 Kg7 34. Bg2 g5 35. f4 h6 36. Kf2 Kg6 37. Bf1 Kf7 38. Be2 {Threatens to win with Bh5+.} Kg7 39. Bd3 Re7 40. Bb1 Re8 41. a3 Kf7 42. Rg1 Rg8 43. Rcc1 Ke7 44. Rcf1 Kd6 45. Ke2 Ke7 46. Bc2 Be6 47. Rf2 Bd7 48. Rh1 Rh8 49. Kd2 Rf7 50. Bd1 Rf6 51. Be2 Be6 52. Bd3 Bd7 53. Rhf1 Rhf8 {Precision: White = 56%, Black = 54%.} 1/2-1/2

[Event "EYCC 2017"]
[Site "Mamaia"]
[Date "2017.09.13"]
[Round "8"]
[White "Maltsevskaya, Aleksandra"]
[Black "Sargsyan, Anna M"]
[Result "0-1"]
[WhiteElo "2271"]
[BlackElo "2047"]
[Annotator "TA"]
[PlyCount "92"]
[EventDate "2017.??.??"]
[EventType "swiss"]
[EventCountry "ROU"]
[SourceTitle "playchess.com"]
[Source "ChessBase"]
[SourceQuality "1"]

1. e4 {Program Activation Required} c6 2. Nc3 d5 3. Nf3 Bg4 4. h3 Bh5 5. exd5 cxd5 6. g4 Bg6 7. Bb5+ Nc6 8. d4 e6 9. Ne5 Rc8 10. Be3 {B11: Caro-Kann (Zweispringer-Variante)} (10. Qe2 Bb4 11. Bxc6+ bxc6 12. h4 Ne7 13. h5 Be4 14. O-O Bxc3 15. bxc3 h6 16. f3 Bh7 17. Ba3 O-O 18. Rab1 Rc7 19. Rb2 Re8 20. Rfb1 f6 21. Rb8 Rc8 22. R8b7 Rc7 23. Rb8 Rc8 24. R8b7 Rc7 25. Rb8 {½-½ (25) Dragun,K (2625)-Macieja,B (2514) Greensboro 2017}) 10... Bd6 11. Nxg6 $146 ({Vorgänger:} 11. Qd2 Nge7 12. h4 f6 13. Nxg6 hxg6 14. O-O-O a6 15. Ba4 b5 16. Bb3 Na5 17. Qd3 Nc4 {0-1 (27) Causo,D (2294)-Laylo,D (2498) Hong Kong 2014}) 11... hxg6 12. Qf3 Nge7 13. O-O-O Qa5 14. Kb1 a6 15. Bxc6+ bxc6 16. Ne2 c5 17. dxc5 Bxc5 18. Bd2 Qb6 19. Bc3 f6 20. Nc1 e5 21. Nb3 Bb4 22. Bxb4 Qxb4 23. g5 Kf7 24. gxf6 gxf6 25. c3 Qd6 26. h4 Rh5 27. Qe2 Qe6 28. f4 Rc6 29. fxe5 fxe5 30. Ka1 Kg7 31. Qf2 Rc7 32. Rde1 Nf5 33. Nc5 Qb6 34. b4 Re7 35. Rhg1 Qf6 36. Qd2 e4 37. Kb2 Nxh4 38. Rgf1 Nf3 39. Qe3 Rh2+ 40. Re2 d4 41. cxd4 Rxe2+ 42. Qxe2 Qxd4+ 43. Ka3 a5 44. Qb5 axb4+ 45. Ka4 b3+ 46. Qb4 bxa2 0-1

[Event "EYCC 2017"]
[Site "Mamaia"]
[Date "2017.09.13"]
[Round "8"]
[White "Yeritsyan, Aram"]
[Black "Bjerre, Jonas Buhl"]
[Result "0-1"]
[WhiteElo "2264"]
[BlackElo "2348"]
[Annotator "TA"]
[PlyCount "80"]
[EventDate "2017.??.??"]
[EventType "swiss"]
[EventCountry "ROU"]
[SourceTitle "playchess.com"]
[Source "ChessBase"]
[SourceQuality "1"]

{[%evp 14,80,31,26,29,17,29,24,33,33,54,-7,-10,-10,-7,-8,-11,-10,0,-17,-16,-6,-8,-10,-16,-20,-23,-106,-115,-93,-77,-202,-200,-208,-195,-227,-228,-242,-239,-309,0,-242,-225,-225,-224,-227,-225,-457,-454,-442,-447,-375,-419,-554,-390,-556,-553,-654,-633,-877,-823,-1521,-1393,-1622,-1565,-2096,-1955,-6177,-6242]} 1. e4 c5 2. Nf3 d6 3. d4 cxd4 4. Nxd4 Nf6 5. f3 e5 6. Nb3 a5 {B55: Sicilian: 2...d6 3 d4 cxd4 4 Nxd4 Nf6 5 f3} (6... d5 7. Bg5 Be6 8. Bxf6 gxf6 9. exd5 Qxd5 10. Qxd5 Bxd5 11. Nc3 Be6 12. O-O-O Nc6 13. Bb5 Rc8 14. Nd5 f5 15. Na5 Bh6+ 16. Kb1 Kf8 17. Nb3 Kg7 18. Rhe1 Rhd8 19. Nc3 Rxd1+ 20. Nxd1 {0-1 (56) Harikrishna,P (2758)-Giri,A (2769) Shenzhen 2017}) 7. Bb5+ Bd7 8. a4 {LiveBook: 5 Games} Bxb5 $146 {White has an edge.} ({Predecessor:} 8... Be7 9. Nc3 O-O 10. Be3 Nc6 11. g4 Be6 12. g5 Nh5 13. Qd2 Bxb3 14. cxb3 {0-1 (60) Kaufman,L (2299)-Arun Prasad,S (2491) Rockville 2016}) 9. axb5 d5 10. Bg5 Nbd7 11. exd5 Nb6 12. Nc3 ({Better is} 12. O-O $14) 12... Bb4 $11 {[%cal Rb6d5]} 13. O-O {Hoping for f4.} a4 14. Nd2 $1 {[%cal Bb3d2,Bd2e4,Be4d6][%mdl 32]} Bxc3 $1 15. bxc3 Qxd5 16. Bxf6 gxf6 17. Ne4 Qxd1 $1 18. Rfxd1 Ke7 19. Nd6 Rhd8 20. Nxb7 (20. Nf5+ $11 Kf8 21. Nd6) 20... Rxd1+ $17 21. Rxd1 $11 {[%mdl 4096] Endgame KRN-KRN} a3 {White must now prevent ...Nd5!} 22. Kf1 (22. Nd6 $17 {is a better defense.}) 22... Nc4 $19 {[%mdl 1024] Black has strong compensation.} 23. Ke2 Rc8 24. b6 Rc6 (24... Nxb6 25. Nd6 $17) 25. Ra1 Kd7 (25... Rxb6 26. Nc5) 26. Rd1+ Ke7 27. Ra1 f5 {[%cal Bf6f5,Bf5e4][%mdl 32]} (27... Rxb6 28. Nc5 $17) 28. g3 h5 ({Weaker is} 28... Nxb6 29. Rxa3 Rc7 30. Na5 $11) ({But not} 28... Rxb6 29. Nc5) 29. h4 e4 ({Don't take} 29... Rxb6 30. Nc5) 30. fxe4 $2 {[#]} (30. Na5 Nxa5 31. Rxa3) 30... fxe4 31. Na5 Nxa5 32. Rxa3 {KRN-KR} Rc5 33. Kf2 Kd6 34. Ra4 (34. g4 $142 hxg4 35. Kg3) 34... f5 {Black is clearly winning.} 35. Rb4 Kc6 36. g4 hxg4 37. h5 Rxc3 38. h6 Rh3 39. b7 Nxb7 40. Ra4 Nc5 {Precision: White = 27%, Black = 93%.} 0-1

[Event "EYCC 2017"]
[Site "Mamaia"]
[Date "2017.09.13"]
[Round "8"]
[White "Afonasieva, Anna"]
[Black "Duson, Robin"]
[Result "1-0"]
[WhiteElo "2263"]
[BlackElo "1962"]
[Annotator "TA"]
[PlyCount "93"]
[EventDate "2017.??.??"]
[EventType "swiss"]
[EventCountry "ROU"]
[SourceTitle "playchess.com"]
[Source "ChessBase"]
[SourceQuality "1"]

1. d4 {Program Activation Required} Nf6 2. Nf3 e6 3. g3 c5 4. Bg2 cxd4 5. Nxd4 d5 6. O-O e5 7. Nb3 Be6 8. c4 {D02: Damenbauernspiele} (8. Bg5 Nbd7 9. Nc3 Be7 10. Qd3 O-O 11. e3 Rc8 12. Rfd1 e4 13. Qb5 Qc7 14. Bf4 Qb6 15. Nd4 Bg4 {½-½ (67) Dominguez Perez,L (2732)-Navara,D (2734) Huaian 2016}) 8... Nc6 9. Bg5 dxc4 10. N3d2 $146 ({Vorgänger:} 10. Bxc6+ bxc6 11. Qxd8+ Rxd8 12. Na5 Bc5 13. Nc3 Rc8 14. Bxf6 gxf6 15. Ne4 Be7 {0-1 (54) Sergienko,N (2127)-Pavlov,S (2479) Kiev 2009}) 10... Be7 11. Qa4 Qc7 12. Nxc4 O-O 13. Nc3 Nd4 14. Ne3 Rfd8 15. Rfe1 Ng4 16. Bxe7 Qxe7 17. Ned5 Bxd5 18. Nxd5 Qc5 19. Nc3 Nxf2 20. e3 Nf5 21. Kxf2 Rd2+ 22. Kf3 Nd6 23. Re2 e4+ 24. Kf2 Nc4 25. Qxc4 Qxc4 26. Rxd2 f5 27. Rad1 Rf8 28. Rd4 Qc5 29. Rd5 Qb6 30. Rb5 Qc7 31. Rd2 g5 32. Bh3 Qg7 33. Kg1 g4 34. Bf1 Qg5 35. Nd5 b6 36. Nf4 Qe7 37. Rbd5 Qb4 38. Rd7 Qc5 39. Kf2 Qe5 40. Be2 a5 41. Rb7 Qf6 42. Rdd7 Qh6 43. Kg2 Rc8 44. Bc4+ Kh8 45. b3 Re8 46. Ne6 Rc8 47. Ng5 1-0

[Event "EYCC 2017"]
[Site "Mamaia"]
[Date "2017.09.13"]
[Round "8"]
[White "Sieber, Fiona"]
[Black "Rogozenco, Teodora"]
[Result "1/2-1/2"]
[WhiteElo "2248"]
[BlackElo "2024"]
[Annotator "TA"]
[PlyCount "101"]
[EventDate "2017.??.??"]
[EventType "swiss"]
[EventCountry "ROU"]
[SourceTitle "playchess.com"]
[Source "ChessBase"]
[SourceQuality "1"]

{[%evp 17,101,0,3,-5,-10,-12,-10,-9,-12,-14,4,5,9,-26,2,-13,0,0,0,0,0,0,0,-16,-20,-61,-30,-38,-31,-61,-54,-53,-56,-176,-88,-125,-133,-99,-96,-87,-87,-99,-104,-90,-79,-76,-78,-127,0,0,0,-45,0,0,0,0,424,411,411,360,360,25,246,0,0,0,0,0,0,0,0,0,0,0,15,0,0,0,0,4,11,0,0,0,0,-8]} 1. e4 e5 2. Nf3 Nc6 3. Bb5 a6 4. Ba4 Nf6 5. O-O Be7 6. d3 b5 7. Bb3 d6 8. a3 O-O 9. Nc3 Bg4 {LiveBook: 163 Games. C77: Ruy Lopez: 3...a6 4 Ba4 Nf6, unusual lines} (9... Na5 10. Ba2 Be6 11. b4 Bxa2 12. Nxa2 Nb7 13. c4 bxc4 14. dxc4 a5 15. Bb2 Qb8 16. Nc3 axb4 17. axb4 Rxa1 18. Qxa1 {0-1 (53) Karjakin,S (2773)-Aronian,L (2799) Saint Louis 2017}) 10. h3 Bxf3 11. Qxf3 Nd4 12. Qd1 Nxb3 13. cxb3 d5 $146 ({Find the theoretical novelty and annotate with similar games:} 13... c6 14. d4 a5 15. dxe5 dxe5 16. Qe2 Qd7 17. Bg5 {0-1 (52) Litsas,I (2105)-Hadzimanolis,A (2231) Achaea 2017}) 14. b4 c6 15. Qf3 Qd6 16. Ne2 Rac8 17. Ng3 g6 18. Be3 Rfd8 19. Rac1 Qe6 20. Bb6 Re8 21. Rc2 d4 22. Qd1 Nd7 23. Bc5 Bxc5 24. bxc5 a5 25. b4 (25. Ne2 $15) 25... Ra8 (25... Qb3 $19 26. bxa5 Qxa3) 26. f4 exf4 27. Ne2 axb4 28. axb4 Ne5 29. Nxf4 Qb3 30. Qd2 Ra3 31. Rb2 Qc3 32. Qf2 Rea8 ({Black should play} 32... Ra4 $17 33. Re2 Ra7) 33. Rbb1 $11 Ra2 34. Qh4 Nxd3 {[#]} 35. Nh5 $1 {[%cal Rh5f6][%mdl 512] And now Nf6+ would win.} gxh5 (35... Qd2 $5 36. Nf6+ $8 Kf8 37. Nd7+ Kg8 38. Nf6+ Kf8 39. Nd7+ Ke8 40. Nf6+ Kf8 $11) 36. Qg5+ Kh8 $2 {[%mdl 8192]} (36... Kf8 $11) 37. Qf6+ $18 Kg8 {...Ne5! is the strong threat.} 38. Qxf7+ Kh8 39. Qf6+ Kg8 {[#]} 40. Rf5 $2 {[#]} (40. Rf3 $1 $18 {[%cal Rf3g3]} h4 41. Qe6+ Kh8 42. Qf6+ Kg8 43. Qe6+ Kh8 44. Qf6+ Kg8) 40... Nf4 $1 $11 {[%mdl 512] The position is equal.} 41. Rxf4 Qg3 {[%csl Ga2][%cal Rg3g2]} 42. Qe6+ (42. Rg4+ $5 hxg4 43. Qg5+ Kh8 44. Qf6+ Kg8 45. Qe6+ Kg7 46. Qe7+ Kh6 47. Qe6+ Kg7 48. Qe7+ Kh6 49. Qf6+ Kh5 50. Qf5+ Kh6 51. Qf6+ Kh5 52. Qf7+ Kh6 53. Qf6+ $11) 42... Kh8 {[%csl Ga2][%cal Rg3g2]} 43. Qe5+ Qg7 44. Qxg7+ Kxg7 {[%mdl 4096] Endgame KRR-KRR} 45. e5 Re8 46. Rxd4 {Black must now prevent Rd7+.} Rxe5 47. Rd7+ Kg6 48. Rd6+ Kg5 49. Rxc6 (49. Kh1 $5 {[%cal Rd6c6]}) 49... Ree2 50. Kh1 Rxg2 51. Rg1 {Precision: White = 62%, Black = 60%.} 1/2-1/2

[Event "EYCC 2017"]
[Site "Mamaia"]
[Date "2017.09.13"]
[Round "8"]
[White "Mis, Mieszko"]
[Black "Tomasi, Albert"]
[Result "1-0"]
[WhiteElo "2245"]
[BlackElo "2343"]
[Annotator "TA"]
[PlyCount "106"]
[EventDate "2017.??.??"]
[EventType "swiss"]
[EventCountry "ROU"]
[SourceTitle "playchess.com"]
[Source "ChessBase"]
[SourceQuality "1"]

1. c4 {Program Activation Required} e5 2. g3 Nf6 3. Bg2 d5 4. cxd5 Nxd5 5. Nc3 Nb6 6. Nf3 Nc6 7. O-O Be7 8. Rb1 a5 9. d3 O-O {A29: Englische Eröffnung (Vierspringer-Variante)} 10. Be3 Bg4 (10... Be6 11. Bxb6 cxb6 12. a3 f5 13. e3 Bf6 14. Rc1 Kh8 15. Re1 Bf7 16. Nb5 Bh5 17. Qc2 {0-1 (39) So,W (2812)-Karjakin,S (2781) Paris 2017}) 11. Rc1 a4 12. a3 $146 ({Vorgänger:} 12. Nd2 Kh8 13. h3 Be6 14. Bxb6 cxb6 15. Nxa4 f5 16. Nc3 Bg5 17. Ra1 {½-½ (27) Sandstroem,L (2180)-Garbar,A (2088) ICCF email 2011}) 12... Ra5 13. Bxb6 cxb6 14. Nxa4 e4 15. Ne1 Bg5 16. Rb1 Nd4 17. Nc3 Be6 18. e3 Bb3 19. Qd2 exd3 20. Qxd3 Nb5 21. Nd5 Nxa3 22. Qxb3 Nxb1 23. Qd3 Qd6 24. b4 Rxd5 25. Bxd5 Rd8 26. Bxf7+ Kxf7 27. Qxb1 Kg8 28. Nf3 Be7 29. b5 Qd3 30. Qxd3 Rxd3 31. Ra1 Bf6 32. Ra7 Rd7 33. Kg2 Kf7 34. e4 Ke6 35. Ra8 Kd6 36. Rc8 Ke6 37. Re8+ Re7 38. Rb8 Kd6 39. Nd2 Bc3 40. Nc4+ Kc7 41. Rf8 Rxe4 42. Rf7+ Kd8 43. Nxb6 Re5 44. Rxg7 Rxb5 45. Rd7+ Ke8 46. Rxb7 Be5 47. f4 Rb2+ 48. Kh3 Bd4 49. Rb8+ Kf7 50. Nd7 Rd2 51. Rb7 Bg1 52. Ne5+ Ke6 53. Nf3 Kd5 1-0

[Event "EYCC 2017"]
[Site "Mamaia"]
[Date "2017.09.13"]
[Round "8"]
[White "Schneider, Jana"]
[Black "Antova, Gabriela"]
[Result "1/2-1/2"]
[WhiteElo "2231"]
[BlackElo "2256"]
[Annotator "TA"]
[PlyCount "111"]
[EventDate "2017.??.??"]
[EventType "swiss"]
[EventCountry "ROU"]
[SourceTitle "playchess.com"]
[Source "ChessBase"]
[SourceQuality "1"]

{[%evp 19,111,4,40,18,59,13,52,33,24,20,77,34,38,30,30,-5,0,0,0,-20,30,29,40,46,29,0,40,35,54,56,139,144,136,127,182,175,201,150,193,116,131,137,131,131,142,112,170,148,148,148,171,162,171,170,166,166,164,148,164,171,171,10,11,0,0,0,0,0,0,0,0,0,0,0,0,0,0,0,0,0,0,0,0,0,0,0,0,-8,-8,-8,8,8,8,8]} 1. e4 e5 2. Nf3 Nf6 3. Nxe5 d6 4. Nf3 Nxe4 5. Bd3 Nf6 6. h3 Be7 7. O-O O-O 8. c3 {C42: Petroff Defence: 3 Nxe5 and unusual White 3rd moves} d5 (8... b6 9. Bc2 Bb7 10. d4 Nbd7 11. Nbd2 Re8 12. Nc4 Bf8 13. Bg5 h6 14. Bh4 g6 15. Ne3 Bg7 {½-½ (30) Navara,D (2712)-Gelfand,B (2739) Wijk aan Zee 2012}) 9. Bc2 Nbd7 10. d4 Ne4 {LiveBook: 3 Games} 11. Bf4 h6 $146 ({Predecessor:} 11... Bd6 12. Bxd6 Nxd6 13. Nbd2 c6 14. Ne5 Nxe5 15. dxe5 Nf5 {1-0 (49) Kozionov,K (2439)-Siagodnik,A (2235) St Petersburg 2016}) 12. Ne5 Ndf6 13. Re1 c5 14. Nd2 {[%cal Rd2e4]} Bf5 (14... cxd4 $11 {keeps the balance.} 15. cxd4 (15. Bxe4 dxe4 16. Nxe4 Nxe4 $15) 15... Be6) 15. f3 Nxd2 16. Bxf5 Nc4 17. Bb1 cxd4 18. cxd4 Bd6 19. b3 Na5 20. Qd3 $36 {[%mdl 2048] [#] aiming for Ng4. White has good play.} Re8 $1 21. Bc2 {Strongly threatening Ng4.} Kf8 22. Qb5 (22. Qf5 {looks sharper.} Nc6 23. Rad1 Bb4 24. Nxc6 Rxe1+ 25. Rxe1 bxc6 26. Re2) 22... Kg8 (22... Qc7 {keeps more tension.} 23. Ng6+ fxg6 24. Bxd6+ Qxd6 25. Qxa5 Qg3) 23. Nxf7 Kxf7 24. Bxd6 Rxe1+ (24... Qxd6 $14 25. Qxa5 Qf4) 25. Rxe1 $16 {[#] And now Be7 would win.} Qxd6 26. Qxa5 Kg8 (26... Qc6 $16) 27. Re5 $18 Rc8 28. Qd2 Qc7 29. Bf5 ({Better is} 29. Bg6 $18) 29... Qc1+ $16 30. Qxc1 Rxc1+ {[%mdl 4096] Endgame KRB-KRN} 31. Kf2 Kf8 32. Re2 b6 (32... g5 $16 {might work better.} 33. a4 Kf7) 33. Rc2 Rxc2+ 34. Bxc2 {KB-KN} Ke7 35. Ke3 Ne8 36. f4 Nd6 37. g4 g5 38. Bd1 Ne8 39. Bf3 Kd6 40. fxg5 $2 ({White should try} 40. f5 $18) 40... hxg5 $11 {The position is equal.} 41. h4 gxh4 42. Kf4 Ng7 43. g5 Ne6+ 44. Kg4 Nxd4 45. g6 {Black must now prevent g7.} Ke6 46. Bxd5+ $1 Kf6 47. Be4 Ne2 48. Kxh4 Nc3 49. Bd3 Nxa2 50. Kh5 Kg7 $1 51. Kg5 a5 52. Kf5 Nc1 53. Bc2 b5 54. Ke5 Nxb3 (54... a4 $5 55. bxa4 bxa4 $11) 55. Bxb3 {Bc2 would kill now.} Kxg6 56. Ke4 {Precision: White = 60%, Black = 51%.} 1/2-1/2

[Event "EYCC 2017"]
[Site "Mamaia"]
[Date "2017.09.13"]
[Round "8"]
[White "Kubicka, Anna"]
[Black "Dwilewicz, Katarzyna"]
[Result "1/2-1/2"]
[WhiteElo "2221"]
[BlackElo "1884"]
[Annotator "TA"]
[PlyCount "139"]
[EventDate "2017.??.??"]
[EventType "swiss"]
[EventCountry "ROU"]
[SourceTitle "playchess.com"]
[Source "ChessBase"]
[SourceQuality "1"]

1. e4 {Program Activation Required} e5 2. Nf3 Nc6 3. Bc4 Nf6 4. Ng5 d5 5. exd5 Na5 6. Bb5+ c6 7. dxc6 bxc6 8. Bd3 Nd5 {C58: Zweispringerspiel (Klassisches System)} 9. Nf3 Bd6 10. O-O O-O 11. Re1 Bg4 12. h3 Bxf3 13. Qxf3 f5 14. Bxf5 Qe7 15. Qe4 g6 16. Bg4 {[#]} Rf4 $146 17. Qe2 Raf8 18. f3 h5 19. Bxh5 gxh5 20. d3 R4f5 21. Nc3 Nxc3 22. bxc3 Qg7 23. Qe4 R8f7 24. Rf1 Nb7 25. Rb1 Nd8 26. Be3 R5f6 27. g4 Ne6 28. Qxc6 Ng5 29. Bxg5 Qxg5 30. Kg2 Rh6 31. Qe4 hxg4 32. Qxg4 Rg7 33. Qxg5 Rxg5+ 34. Kf2 Rxh3 35. Rg1 Rh2+ 36. Ke3 Rxg1 37. Rxg1+ Kf7 38. Ke4 Kf6 39. Kd5 Bc7 40. Rc1 Bb6 41. c4 Rh8 42. a4 Rd8+ 43. Kc6 Rc8+ 44. Kb5 Rc5+ 45. Kb4 Kf5 46. c3 a5+ 47. Kb3 Rc6 48. Re1 Bc5 49. Re4 Rd6 50. Kc2 Rd7 51. Kd2 Rd6 52. Ke2 Rd7 53. Rh4 Kg5 54. Re4 Kf5 55. Kd2 Rd6 56. Kc2 Rd7 57. Rg4 Rd8 58. Rh4 Kg5 59. Rh7 Rc8 60. Rd7 Kf6 61. d4 Bxd4 62. cxd4 Rxc4+ 63. Kd3 Rxa4 64. Rd6+ Kf5 65. Rd5 Rxd4+ 66. Rxd4 exd4 67. Kxd4 Kf4 68. Kc4 Kxf3 69. Kb5 a4 70. Kxa4 1/2-1/2